000 00659nam a2200193 a 4500
001 000023567
005 20200930022320.0
008 101213s1995 sp r 000 f spa d
020 _a8440719949
040 _aDO-SdBNP
_bspa
_cBNPHU
082 _a863.64
_bT692b
100 1 _aTorrente Ballester, Gonzalo,
_d1910-1999.
_94745
245 1 0 _aLa boda de chon recalde :
_bnovela casi rosa /
_cGonzalo Torrente Ballester.
260 _aMadrid :
_bClub Internacional del Libro,
_bUniversidad de Alcalá,
_a1995.
300 _a173 p. ;
_c21 cm.
586 _aPremio Cervantes, 1985
650 4 _aNovela española
_91123
650 4 _aLiteratura española
_ySIGLO XX
_93326
999 _c23063
_d23063